书目信息 |
| 题名: |
女子自卫术
|
|
| 作者: | 廖锦华 , 廖明心 , 郭红 编著 | |
| 分册: | ||
| 出版信息: | 北京 北京体育大学出版社 2005 |
|
| 页数: | 116页 | |
| 开本: | 21cm | |
| 丛书名: | ||
| 单 册: | ||
| 中图分类: | G852.4 | |
| 科图分类: | ||
| 主题词: | 女性--防身术 , 女性 , 防身术 | |
| 电子资源: | ||
| ISBN: | 7-81100-340-6 | |
| 000 | 00989nam0 2200301 450 | |
| 001 | 003018266 | |
| 005 | 20061114151215.10 | |
| 010 | @a7-81100-340-6@dCNY23.00 | |
| 100 | @a20051117d2005 em y0chiy0110 ea | |
| 101 | 0 | @achi |
| 102 | @aCN@b110000 | |
| 105 | @aa z 000yy | |
| 200 | 1 | @a女子自卫术@9nv zi zi wei shu@f廖锦华,廖明心,郭红编著 |
| 210 | @a北京@c北京体育大学出版社@d2005 | |
| 215 | @a116页@c照片@d21cm | |
| 300 | @a女拳当自强 | |
| 312 | @a封底英文题名:Women's self-defence method | |
| 330 | @a本书从基本练习入门再到实用的自卫防身实战范例,全部以图解形式教学,能有效地提高女性防身自卫的能力。全书还附有大量写真图片与生活照。 | |
| 510 | 1 | @aWomen's self-defence method@zeng |
| 606 | 0 | @a女性@x防身术 |
| 606 | 0 | @a女性 |
| 606 | 0 | @a防身术 |
| 690 | @aG852.4@v4 | |
| 701 | 0 | @a廖锦华@9liao jin hua@c(武术)@4编著 |
| 701 | 0 | @a廖明心@9liao ming xin@4编著 |
| 701 | 0 | @a郭红@9guo hong@c(武术)@4编著 |
| 801 | 0 | @aCN@bNLC@c20061114 |
| 905 | @a10447@dG852.4@e140 | |
| 女子自卫术/廖锦华,廖明心,郭红编著.-北京:北京体育大学出版社,2005 |
| 116页:照片;21cm |
| 女拳当自强 |
| ISBN 7-81100-340-6:CNY23.00 |
| 本书从基本练习入门再到实用的自卫防身实战范例,全部以图解形式教学,能有效地提高女性防身自卫的能力。全书还附有大量写真图片与生活照。 |
| ● |
| 相关链接 |
|
|
|
|
正题名:女子自卫术
索取号:G852.4/140
 
预约/预借
| 序号 | 登录号 | 条形码 | 馆藏地/架位号 | 状态 | 备注 |
| 1 | 0382998 | 203829982 | 第一样本阅览室/ [索取号:G852.4/140] | 在馆 | |
| 2 | 0382999 | 203829991 | 第四借阅区/ [索取号:G852.4/140] | 在馆 | |
| 3 | 0383000 | 203830006 | 第四借阅区/ [索取号:G852.4/140] | 在馆 | |
| 4 | 0383001 | 203830015 | 第四借阅区/ [索取号:G852.4/140] | 在馆 |